| 000 | 01141cab a2200325 4500 | ||
|---|---|---|---|
| 001 | ABS53253 | ||
| 008 | 090401t1995 xxu||||| |||| 00| 0 eng d | ||
| 035 | _a(Sirsi) u2980 | ||
| 041 | _aeng | ||
| 100 | _aMurrells, P. | ||
| 245 | _aWho is entitled to the benefit of MIG policies? | ||
| 260 | _c1995 | ||
| 350 | _a0 | ||
| 490 |
_aEstates Gazette _v(9528) 15 July 1995, 101-102(2) |
||
| 520 | _aShows how recent case law has clarified this issue; MIG policies are not for the borrowers and offer no help for homeowners with negative equity. | ||
| 650 | _aBANQUE BRUXELLES LAMBERT SA V EAGLE STAR INSURANCE CO LTD | ||
| 650 | _aBRITISH WESTINGHOUSE CO LTD V UNDERGROUND ELECTRIC RAILWAYS CO | ||
| 650 | _aHOUSEHOLD MORTGAGE CORPORATION PLC V ABBOTT AND COLLINS | ||
| 650 | _aMORTGAGE CORPORATION V MCNICHOLAS | ||
| 650 | _aMORTGAGE INDEMNITY GUARANTEE | ||
| 650 | _aMORTGAGES | ||
| 650 | _aMTL FUNDING (BERKELEY) LTD V GREENSLADE HUNT | ||
| 650 | _aNEGATIVE EQUITY | ||
| 650 | _aPARRY V CLEAVER | ||
| 650 | _aPREMIUMS | ||
| 690 | _aHOUSING-FINANCE | ||
| 690 |
_aInsurance _96249 |
||
| 942 | _n0 | ||
| 948 | _c04/03/1997 | ||
| 999 |
_c1795 _d1795 |
||